Zoznam časopisov objednaných a dochádzajúcich do Ústrednej ekonomickej knižnice Bratislava v roku 1981
Guardado en:
| Formato: | Libro |
|---|---|
| Lenguaje: | eslovaco |
| Publicado: |
Bratislava
Ústredná ekonomická knižnica
1982
|
| Colección: | Ekonomické bibliografie
|
| Etiquetas: |
Sin Etiquetas, Sea el primero en etiquetar este registro!
|
MARC
| LEADER | 00000nam a2200000 4500 | ||
|---|---|---|---|
| 001 | c134746 | ||
| 005 | 20250908115007.6 | ||
| 041 | 0 | |a slo | |
| 044 | |a SK | ||
| 245 | 1 | 0 | |a Zoznam časopisov objednaných a dochádzajúcich do Ústrednej ekonomickej knižnice Bratislava v roku 1981 |c zostavila: Margita Salčáková |
| 264 | 1 | |a Bratislava |b Ústredná ekonomická knižnica |c 1982 | |
| 300 | |a 176 s. | ||
| 490 | 1 | |a Ekonomické bibliografie | |
| 830 | 0 | |a Ekonomické bibliografie | |